MARC

LEADER 00000nam0a2200000 4500
001 260564
005 20231101233505.0
010 |a 5269001012 
020 |a RU  |b 88-4042и 
035 |a (RuTPU)RU\TPU\book\283516 
090 |a 260564 
100 |a 20140516d1988 m y0rusy5003 ca 
101 0 |a rus 
102 |a RU 
105 |a a z 000zb 
200 1 |a А. Акритас  |e альбом  |f В. И. Борунова 
210 |a Москва  |c Советский художник  |d 1988 
215 |a 95 с.  |c цв. ил. 
225 1 |a Мастера советского искусства 
300 |a На обл. авт. не указан 
600 1 |a Акритас  |b А. Г.  |c российский живописец  |c график  |f 1934-  |g Альбина Георгиевна  |2 stltpush  |3 (RuTPU)RU\TPU\pers\12265  |9 3276 
606 1 |a Художники  |2 stltpush  |3 (RuTPU)RU\TPU\subj\17691  |9 43265 
610 1 |a искусство 
610 1 |a живопись 
610 1 |a графика 
610 1 |a 20 век 
610 1 |a советское искусство 
610 1 |a альбомы 
610 1 |a репродукции 
675 |a 7.071(092)  |v 3 
700 1 |a Борунова  |b В. И.  |g Валентина Ивановна 
801 0 |a RU  |b RuMRKP  |c 19950417  |g psbo 
801 1 |a RU  |b 63413507  |c 20140516 
801 2 |a RU  |b 63413507  |c 20160429  |g RCR 
942 |c BK